| 000 | 01041cam a2200349 4500 | ||
|---|---|---|---|
| 001 | 1538341 | ||
| 003 | OSt | ||
| 005 | 20170105101210.0 | ||
| 008 | 711026s1926 nyua s 000 0 eng | ||
| 010 | _a 26004149 | ||
| 035 | _a(OCoLC)ocm00166503 | ||
| 035 | _a(NNC)1538341 | ||
| 040 |
_aDLC _cWSU _dVRC _dSER |
||
| 050 | 0 |
_aHA33 _b.G3 |
|
| 100 | 1 |
_aGarrett, Henry E. _q(Henry Edward), _d1894-1973. |
|
| 245 | 1 | 0 |
_aStatistics in psychology and education, _cby Henry E. Garrett ... with an introduction by R.S. Woodworth. |
| 260 |
_aNew York, _aLondon [etc.] _bLongmans, Green and Co., _c1926. |
||
| 300 |
_axiii, 317 p. incl. tables, diagrs. _c21 cm. |
||
| 650 | 0 | _aStatistics. | |
| 650 | 0 | _aPsychology. | |
| 650 | 0 | _aPsychological tests. | |
| 650 | 0 |
_aEducation _vStatistics. |
|
| 650 | 2 | _aStatistics as Topic. | |
| 650 | 2 | _aPsychology. | |
| 650 | 2 | _aIntelligence Tests. | |
| 650 | 2 | _aEducation. | |
| 650 | 2 | _aPsychometrics. | |
| 655 | 7 |
_aStatistics. _2mesh |
|
| 942 |
_2ddc _cBK |
||
| 999 |
_c3171 _d3171 |
||